<?xml version="1.0" encoding="UTF-8"?>
<record
    xmlns:xsi="http://www.w3.org/2001/XMLSchema-instance"
    xsi:schemaLocation="http://www.loc.gov/MARC21/slim http://www.loc.gov/standards/marcxml/schema/MARC21slim.xsd"
    xmlns="http://www.loc.gov/MARC21/slim">

  <leader>00606nam a2200193Ia 4500</leader>
  <controlfield tag="003">IN-BaIIA</controlfield>
  <controlfield tag="008">211028s9999    xx            000 0 eng d</controlfield>
  <datafield tag="020" ind1=" " ind2=" ">
    <subfield code="a">978-0-7506-7161-3</subfield>
  </datafield>
  <datafield tag="040" ind1=" " ind2=" ">
    <subfield code="c">IIA Library</subfield>
  </datafield>
  <datafield tag="080" ind1=" " ind2=" ">
    <subfield code="a">621.391(035)</subfield>
    <subfield code="b">CAR</subfield>
  </datafield>
  <datafield tag="100" ind1=" " ind2=" ">
    <subfield code="a">Carr, Joseph J</subfield>
    <subfield code="9">30761</subfield>
  </datafield>
  <datafield tag="245" ind1=" " ind2="0">
    <subfield code="a">Practical radio frequency test and measurement</subfield>
    <subfield code="b">a technician's handbook</subfield>
    <subfield code="c">Joseph J. Carr</subfield>
  </datafield>
  <datafield tag="260" ind1=" " ind2=" ">
    <subfield code="a">Amsterdam</subfield>
    <subfield code="b">Newnes</subfield>
    <subfield code="c">2009</subfield>
  </datafield>
  <datafield tag="300" ind1=" " ind2=" ">
    <subfield code="a">ix, 348p.</subfield>
  </datafield>
  <datafield tag="650" ind1=" " ind2=" ">
    <subfield code="a">Measuring frequency-Handbooks</subfield>
    <subfield code="9">35539</subfield>
  </datafield>
  <datafield tag="650" ind1=" " ind2=" ">
    <subfield code="a">Measuring inductors-Handbooks</subfield>
    <subfield code="9">35540</subfield>
  </datafield>
  <datafield tag="650" ind1=" " ind2=" ">
    <subfield code="a">Rado frequency-Handbooks</subfield>
    <subfield code="9">35541</subfield>
  </datafield>
  <datafield tag="942" ind1=" " ind2=" ">
    <subfield code="c">BK</subfield>
  </datafield>
  <datafield tag="999" ind1=" " ind2=" ">
    <subfield code="c">18500</subfield>
    <subfield code="d">18500</subfield>
  </datafield>
  <datafield tag="952" ind1=" " ind2=" ">
    <subfield code="0">0</subfield>
    <subfield code="1">0</subfield>
    <subfield code="4">0</subfield>
    <subfield code="7">0</subfield>
    <subfield code="a">BAN</subfield>
    <subfield code="b">GAU</subfield>
    <subfield code="c">GEN</subfield>
    <subfield code="d">2013-01-22</subfield>
    <subfield code="e">BBI   </subfield>
    <subfield code="g">4414.93</subfield>
    <subfield code="l">0</subfield>
    <subfield code="o">621.391(035)/ CAR</subfield>
    <subfield code="p">19422</subfield>
    <subfield code="r">2021-11-05</subfield>
    <subfield code="v">4414.93</subfield>
    <subfield code="w">2013-01-22</subfield>
    <subfield code="y">BK</subfield>
    <subfield code="G">Rs. 4414.93</subfield>
  </datafield>
</record>
